00309nam a2200109Ia 4500008004000000082001500040100002300055245006400078260003700142300000700179650001300186210210b1970 xxu||||| |||| 00| 0 eng d a500.2 MARS aMARSHALL CAVENDISH aMarshall Cavendish learning system: the universe around us. aLondonbMarshall Cavendishc1970 a64 auniverse